LEADER 01617nam 2200421Ia 450 001 996390075503316 005 20221107234051.0 035 $a(CKB)1000000000649023 035 $a(EEBO)2240919249 035 $a(OCoLC)9920484300971 035 $a(EXLCZ)991000000000649023 100 $a19950918d1611 uy | 101 0 $aeng 135 $aurbn#|||a|bb| 200 10$aBy the King$b[electronic resource] $ea proclamation, whereby it is commanded that the oath of allegeance be administred according to the lawes 210 $aImprinted at London $cBy Robert Barker, Printer to the Kings most Excellent Maiestie$dAnno Dom. 1611 215 $a2 leaves 300 $aImprint from colophon. 300 $aFirst sheet reimposed, without rule below type ornaments at top. 300 $a"Giuen at Whitehall the 31. day of May, in the ninth yeere of Our Reigne of Great Britaine, France and Ireland." 300 $aReproduction of original in: Harvard University Library. 330 $aeebo-0062 606 $aOath of allegiance, 1606 606 $aCatholics$zGreat Britain$vEarly works to 1800 606 $aChurch and state$zGreat Britain$vEarly works to 1800 607 $aGreat Britain$xHistory$yJames I, 1603-1625 607 $aGreat Britain$xPolitics and government$y1603-1625 615 0$aOath of allegiance, 1606. 615 0$aCatholics 615 0$aChurch and state 701 $aJames$cKing of England,$f1566-1625.$01001019 801 0$bEBK 801 1$bEBK 801 2$bWaOLN 906 $aBOOK 912 $a996390075503316 996 $aBy the King$92299281 997 $aUNISA LEADER 02504nas 2200697-a 450 001 996204957703316 005 20231214213021.0 011 $a1536-075X 035 $a(DE-599)ZDB2117163-4 035 $a(OCoLC)39743518 035 $a(CKB)110978966556714 035 $a(CONSER)--2001213413 035 $a(EXLCZ)99110978966556714 100 $a19980825b19742021 --- a 101 0 $aeng 135 $aurmnu|||||||| 181 $ctxt$2rdacontent 182 $cc$2rdamedia 183 $acr$2rdacarrier 200 00$aNew directions for institutional research 210 $a[San Francisco, CA] $c[Jossey-Bass Publishers] $cJohn Wiley & Sons$d-2022 210 31$aHoboken, NJ :$cWiley Subscription Services, Inc., a Wiley Company 215 $a1 online resource (volumes) 225 1 $a<2005->: Jossey-Bass higher and adult education series 300 $aRefereed/Peer-reviewed 300 $aPublished: [San Francisco, CA] : Wiley Periodicals, Inc., <2005-> 311 $a0271-0579 410 0$aJossey-Bass higher and adult education series. 517 1 $aNDIR 606 $aEducation, Higher$zUnited States$vPeriodicals 606 $aEducation, Higher$zUnited States$xEvaluation$vPeriodicals 606 $aEducational planning$zUnited States$vPeriodicals 606 $aEnseignement supérieur 606 $aÉvaluation 606 $aPlanification 606 $aHigher Education$2ebps 606 $aEducation, Higher$2fast$3(OCoLC)fst00903005 606 $aEducation, Higher$xEvaluation$2fast$3(OCoLC)fst00903055 606 $aEducational planning$2fast$3(OCoLC)fst00903540 607 $aÉtats-Unis 607 $aUnited States$2fast$1https://id.oclc.org/worldcat/entity/E39PBJtxgQXMWqmjMjjwXRHgrq 608 $aPeriodicals.$2fast 608 $aPeriodicals.$2lcgft 610 $aHigher education institutions$aApplications of operations research$aSerials 615 0$aEducation, Higher 615 0$aEducation, Higher$xEvaluation 615 0$aEducational planning 615 6$aEnseignement supérieur. 615 6$aÉvaluation. 615 6$aPlanification. 615 7$aHigher Education. 615 7$aEducation, Higher. 615 7$aEducation, Higher$xEvaluation. 615 7$aEducational planning. 676 $a378 676 $a378.973 712 02$aAssociation for Institutional Research, 906 $aJOURNAL 912 $a996204957703316 996 $aNew directions for institutional research$92151285 997 $aUNISA